Responses for Show #899 - Thursday, June 30, 1988

Contestants

[<< previous game]

Randy Waite, a high school teacher from Salina, Kansas

Carol Reeve, a homemaker from Orinda, California

Rick Cook, a writer from Phoenix, Arizona (whose 1-day cash winnings total $12,300)

[next game >>]

Jeopardy! Round responses

NORTH DAKOTANS
SPORTS
MAMMALS
PROVERBS
ROCK TRIVIA
HOLIDAYS & OBSERVANCES
    $100 26
Lawrence Welk

Randy
    $100 21
baseball

Rick
    $100 2
China

Randy
    $100 17
sheep

Randy
    $100 13
Julian

Randy
    $100 7
Day of the Dead

Rick
    $700 27
(Alex: [*] with "Fever".)
[The song was not reprised going into the break.]

Peggy Lee

Randy
    $200 20
(1 of) Babe Didrikson (or Jim Thorpe)

Carol
    $200 6
goats

Rick
    $200 22
(Rick: What is act?)
...
[Laughter]

marry

RickCarol
    $200 10
"Peggy Sue"

Randy
    $200 8
Muslim (Islam)

Carol
    $300 19
New York Knicks

Randy
    $300 1
gorillas

Carol
    $300 23
[Laughter]

her tongue

Carol
    $300 3
The Monkees

Rick
    $300 9
(Randy: Strange that I knew that.)
[Laughter]

teachers

Randy
    $400 28
(Rick: Who is Zane Grey?)
...
[The end-of-round signal sounds.]

Louis L'Amour

RickRandy
    $400 14
(1 of) Buffalo (Bills) or (Los Angeles Chargers)

Carol
    $400 5
(Rick: What are pigs?)
(Randy: What are chickens?)

cows (cattle)

RickCarolRandy
    $400 24
one feather at a time (feather by feather)

Rick
    $400 11
Las Vegas

Randy
    $400 15
Bastille Day

Carol
    $500 18
Dave Butz

Randy
    $500 4
harp seals

Carol
    $500 25
(Alex: We got less than a minute to go.)

cured

Rick
    $500 12
Queen

Randy
    $500 16
(1 of) Ronald Reagan or William Henry Harrison

Triple Stumper

Scores at the first commercial break (after clue 13):

Rick Carol Randy
$200 $1,400 $1,200

Scores at the end of the Jeopardy! Round:

Rick Carol Randy
$600 $2,900 $3,300

Double Jeopardy! Round responses

NEWSPAPERS
WARS
FASHION HISTORY
FAMOUS "CHASE"s
POTENT POTABLES
THE PLAYWRIGHT IN QUESTION
    $200 23
Pravda

Rick
    $200 5
Greece

Rick
    $200 13
Chase & Sanborn

Randy
    $200 11
Anton Chekhov

Randy
    $400 2
Vietnam

Rick
    $400 6
wigs

Randy
    $400 12
Chase Manhattan Bank

Carol
    $400 10
(Randy: Who is Noel Coward?)

(Eugene) O'Neill

CarolRandy
    $2,600 18
Detroit

Rick
    $600 1
Charlemagne

Carol
    $600 15
her head

Carol
    $600 14
The Paper Chase

Rick
    $600 24
Benedictine

Carol
    $600 7
Molière

Randy
    $800 19
The Constitution

Carol
    $800 3
Bosworth Field

Triple Stumper
    $800 16
waistline

Rick
    $3,000 21
(Alex: We got less than a minute to go.)

Salmon P. Chase

Randy
    $800 25
Pilsner

Rick
    $800 8
(Carol: Who is Tom Stoppard?)

Sam Shepard

Carol
Triple Stumper
    $1000 20
(Rick: What's the Daily News?)

New York Post

RickRandy
    $1000 4
Nepal

Rick
    $1000 17
(Randy: What's a belt?)
(Rick: What's decoration hanging off the belt?)

chain

RickRandy
Triple Stumper
    $1000 22
Mary Chase

Triple Stumper
    $1000 26
[The end-of-round signal sounds.]

Madeira

Carol
    $1000 9
David Mamet

Randy

Scores at the end of the Double Jeopardy! Round:

Rick Carol Randy
$5,200 $6,500 $8,300

[wagering suggestions for these scores]

Final Jeopardy! Round responses

RIVERS
RickWhat is St. Louis
$5,000
CarolWhat is St. Louis?
$4,000
RandyWhat is St. New Orleans?
$4,800
St. Louis

Final scores:

Rick Carol Randy
$10,200 $10,500 $3,500
2nd place: trip on Eastern and stay at Mullet Bay Resort on St. Martin + Jeopardy! box game New champion: $10,500 3rd place: Emerson 25" TV + Jeopardy! box game

Game dynamics:

Coryat scores:

Rick Carol Randy
$3,200 $6,500 $5,600
14 R
(including 1 DD),
5 W
16 R,
1 W
19 R
(including 2 DDs),
3 W

Combined Coryat: $15,300

[game clues] [game scores] [suggest correction]

Game tape date: 1988-03-21
The J! Archive is created by fans, for fans. Scraping, republication, monetization, and malicious use prohibited; this site may use cookies and collect identifying information. See terms. The Jeopardy! game show and all elements thereof, including but not limited to copyright and trademark thereto, are the property of Jeopardy Productions, Inc. and are protected under law. This website is not affiliated with, sponsored by, or operated by Jeopardy Productions, Inc. Join the discussion at JBoard.tv.